000 01079nam a22003377a 4500
003 CHAP
005 20220817043725.0
008 001024d1999 it r 00010 eng d
010 _a82716
011 _a83688
020 _a9251043264
035 _a94203
040 _cCHAP
082 1 0 _a639.2
_bF46 v.604
110 2 _aFAO
245 1 0 _aReport of the FAO expert consultation on the trade impact of listeria in fish products
_c/by FAO
260 _aRome :
_bFAO,
_c1999.
300 _a33 p. :
_bcuadros
490 0 _aFAO. Informe de pesca
_v; 604
590 _aBATCH-UPD
_b10
_c20130110
_lUCH01
_h1044
590 _aBATCH-UPD
_b10
_c20130410
_lUCH01
_h0643
590 _aBATCH-UPD
_b10
_c20130914
_lUCH01
_h1348
590 _aCONVERSION
_b10
_c20130109
_lUCH01
_h1346
650 1 4 _aPescado
_xMercadeo.
_987450
650 1 4 _aPesquería
_xAspectos económicos.
_987501
830 0 _aFAO. Informe de pesca
_v; 604
_939587
901 _aBK
905 _aPatricia Mendoza P.
942 _cLIBRO
949 _a639.2 F46 v.604
_bBC
_cFAO
_d33724000805461
_eFAO1
_gDonaciØn
_h98702
_i94203
_sb
999 _c82716
_d82716